000 00479nam a2200157 i 4500
001 63505
003 ES-MaACL
005 20230906164905.0
007 t|
008 031211s1972 sp ||||1| spa d
100 1 _aFerreras, Juan Ignacio.
_950525
245 1 3 _aLa novela de ciencia ficción
_b: interpretación de una novela marginal /
_cJuan Ignacio Ferreras.
260 _a[Madrid :
_bSiglo XXI,
_c1972]
300 _a240 p. ;
_c18 cm.
852 _aES-MaACL
_jC-43225
_bR.82138
999 _c63505
_d63505